[Event "DEM U18 2024"]
[Site "Willingen GER"]
[Date "2024.05.22"]
[Round "5"]
[White "Haack, Kevin"]
[Black "Chassard, Cedric"]
[Result "1/2-1/2"]
[Termination "normal"]
[Board "1"]
[WhiteTitle "FM"]
[BlackTitle "FM"]
[WhiteElo "2286"]
[BlackElo "2246"]
[WhiteClock "01:01:28"]
[BlackClock "00:37:41"]
[PlyCount "48"]
[WhiteFideId "16228715"]
[BlackFideId "16243536"]
[EventCountry "GER"]
[EventRounds "9"]
[EventType "swiss"]
[EventDate "2024.05.18"]

1. d4 {[%clk 01:30:56]} {[%emt 00:00:03]} Nf6 {[%clk 01:30:51]} {[%emt
00:00:10]} 2. c4 {[%clk 01:31:20]} {[%emt 00:00:06]} e6 {[%clk 01:31:15]}
{[%emt 00:00:06]} 3. Nf3 {[%clk 01:31:44]} {[%emt 00:00:06]} d5 {[%clk
01:31:41]} {[%emt 00:00:03]} 4. Nc3 {[%clk 01:32:09]} {[%emt 00:00:05]} dxc4
{[%clk 01:32:06]} {[%emt 00:00:05]} 5. e4 {[%clk 01:32:35]} {[%emt 00:00:04]}
Bb4 {[%clk 01:30:31]} {[%emt 00:02:05]} 6. Bg5 {[%clk 01:31:34]} {[%emt
00:01:31]} c5 {[%clk 01:30:38]} {[%emt 00:00:23]} 7. Bxc4 {[%clk 01:31:36]}
{[%emt 00:00:28]} cxd4 {[%clk 01:30:53]} {[%emt 00:00:15]} 8. Nxd4 {[%clk
01:31:53]} {[%emt 00:00:13]} Bxc3+ {[%clk 01:26:46]} {[%emt 00:04:38]} 9. bxc3
{[%clk 01:32:17]} {[%emt 00:00:06]} Qa5 {[%clk 01:27:02]} {[%emt 00:00:14]} 10.
Bb5+ {[%clk 01:32:37]} {[%emt 00:00:09]} Nbd7 {[%clk 01:24:49]} {[%emt
00:02:43]} 11. Bxf6 {[%clk 01:32:57]} {[%emt 00:00:11]} Qxc3+ {[%clk 01:24:29]}
{[%emt 00:00:50]} 12. Kf1 {[%clk 01:33:21]} {[%emt 00:00:06]} gxf6 {[%clk
01:24:53]} {[%emt 00:00:06]} 13. Nf5 {[%clk 01:33:45]} {[%emt 00:00:06]} Qc5
{[%clk 00:57:26]} {[%emt 00:27:56]} 14. Nd6+ {[%clk 01:33:58]} {[%emt
00:00:17]} Ke7 {[%clk 00:56:14]} {[%emt 00:01:42]} 15. Nxc8+ {[%clk 01:34:20]}
{[%emt 00:00:08]} Qxc8 {[%clk 00:56:06]} {[%emt 00:00:39]} 16. Rc1 {[%clk
01:34:46]} {[%emt 00:00:03]} Nc5 {[%clk 00:53:06]} {[%emt 00:03:30]} 17. Qh5
{[%clk 01:35:10]} {[%emt 00:00:06]} b6 {[%clk 00:49:01]} {[%emt 00:04:36]} 18.
e5 {[%clk 01:35:36]} {[%emt 00:00:03]} fxe5 {[%clk 00:47:09]} {[%emt 00:02:22]}
19. Qg5+ {[%clk 01:28:52]} {[%emt 00:07:14]} Kf8 {[%clk 00:43:19]} {[%emt
00:04:20]} 20. Qxe5 {[%clk 01:23:52]} {[%emt 00:05:30]} Ke7 {[%clk 00:43:24]}
{[%emt 00:00:25]} 21. Qg5+ {[%clk 01:19:28]} {[%emt 00:04:54]} Kf8 {[%clk
00:43:12]} {[%emt 00:00:41]} 22. h4 {[%clk 01:14:30]} {[%emt 00:05:29]} Rg8
{[%clk 00:38:17]} {[%emt 00:05:25]} 23. Qh6+ {[%clk 01:05:16]} {[%emt
00:09:43]} Rg7 {[%clk 00:37:50]} {[%emt 00:00:57]} 24. Rh3 {[%clk 01:01:28]}
{[%emt 00:04:19]} Kg8 {[%clk 00:37:41]} {[%emt 00:00:39]} 1/2-1/2

[Event "DEM U18 2024"]
[Site "Willingen GER"]
[Date "2024.05.22"]
[Round "5"]
[White "Petrovskiy, Vadim"]
[Black "Bilovil, Bogdan"]
[Result "1/2-1/2"]
[Termination "normal"]
[Board "2"]
[WhiteTitle "IM"]
[BlackTitle "FM"]
[WhiteElo "2424"]
[BlackElo "2429"]
[WhiteClock "01:05:45"]
[BlackClock "01:09:01"]
[PlyCount "62"]
[WhiteFideId "14165210"]
[BlackFideId "14168766"]
[EventCountry "GER"]
[EventRounds "9"]
[EventType "swiss"]
[EventDate "2024.05.18"]

1. e4 {[%clk 01:30:56]} {[%emt 00:00:03]} e5 {[%clk 01:29:36]} {[%emt
00:01:14]} 2. Nf3 {[%clk 01:31:15]} {[%emt 00:00:22]} Nc6 {[%clk 01:29:58]}
{[%emt 00:00:07]} 3. Bb5 {[%clk 01:31:07]} {[%emt 00:00:39]} Nf6 {[%clk
01:29:45]} {[%emt 00:00:43]} 4. O-O {[%clk 01:29:29]} {[%emt 00:02:08]} Nxe4
{[%clk 01:26:50]} {[%emt 00:03:24]} 5. Re1 {[%clk 01:25:54]} {[%emt 00:04:05]}
Nd6 {[%clk 01:26:58]} {[%emt 00:00:23]} 6. Nxe5 {[%clk 01:26:01]} {[%emt
00:00:23]} Be7 {[%clk 01:27:02]} {[%emt 00:00:25]} 7. Bf1 {[%clk 01:24:56]}
{[%emt 00:01:35]} Nxe5 {[%clk 01:26:26]} {[%emt 00:01:06]} 8. Rxe5 {[%clk
01:25:24]} {[%emt 00:00:02]} O-O {[%clk 01:26:45]} {[%emt 00:00:11]} 9. d4
{[%clk 01:23:16]} {[%emt 00:02:38]} Bf6 {[%clk 01:24:24]} {[%emt 00:02:50]} 10.
Re1 {[%clk 01:22:21]} {[%emt 00:01:27]} Re8 {[%clk 01:23:19]} {[%emt 00:01:35]}
11. Rxe8+ {[%clk 01:14:09]} {[%emt 00:08:41]} Nxe8 {[%clk 01:23:17]} {[%emt
00:00:32]} 12. c3 {[%clk 01:14:33]} {[%emt 00:00:07]} d5 {[%clk 01:19:02]}
{[%emt 00:04:44]} 13. Bf4 {[%clk 01:12:01]} {[%emt 00:03:03]} g6 {[%clk
01:15:28]} {[%emt 00:04:03]} 14. Nd2 {[%clk 01:10:28]} {[%emt 00:02:04]} Ng7
{[%clk 01:14:11]} {[%emt 00:01:46]} 15. h3 {[%clk 01:09:44]} {[%emt 00:01:14]}
c6 {[%clk 01:11:40]} {[%emt 00:03:02]} 16. Nf3 {[%clk 01:09:29]} {[%emt
00:00:45]} Bf5 {[%clk 01:09:47]} {[%emt 00:02:22]} 17. Bd3 {[%clk 01:09:27]}
{[%emt 00:00:33]} Bxd3 {[%clk 01:09:42]} {[%emt 00:00:35]} 18. Qxd3 {[%clk
01:09:52]} {[%emt 00:00:05]} Qd7 {[%clk 01:09:51]} {[%emt 00:00:21]} 19. Be5
{[%clk 01:09:36]} {[%emt 00:00:46]} Bxe5 {[%clk 01:06:46]} {[%emt 00:03:34]}
20. Nxe5 {[%clk 01:10:01]} {[%emt 00:00:06]} Qc7 {[%clk 01:06:29]} {[%emt
00:00:47]} 21. Re1 {[%clk 01:08:19]} {[%emt 00:02:11]} Re8 {[%clk 01:06:51]}
{[%emt 00:00:09]} 22. Qd2 {[%clk 01:07:48]} {[%emt 00:01:01]} f6 {[%clk
01:06:44]} {[%emt 00:00:36]} 23. Nd3 {[%clk 01:08:08]} {[%emt 00:00:10]} Rxe1+
{[%clk 01:07:03]} {[%emt 00:00:12]} 24. Qxe1 {[%clk 01:08:32]} {[%emt
00:00:05]} Kf7 {[%clk 01:07:28]} {[%emt 00:00:05]} 25. a4 {[%clk 01:05:18]}
{[%emt 00:03:44]} Qe7 {[%clk 01:07:32]} {[%emt 00:00:26]} 26. Kf1 {[%clk
01:05:22]} {[%emt 00:00:26]} Qxe1+ {[%clk 01:07:44]} {[%emt 00:00:18]} 27. Kxe1
{[%clk 01:05:47]} {[%emt 00:00:05]} Ke7 {[%clk 01:08:02]} {[%emt 00:00:12]} 28.
a5 {[%clk 01:05:52]} {[%emt 00:00:26]} Kd6 {[%clk 01:08:14]} {[%emt 00:00:17]}
29. Ke2 {[%clk 01:05:48]} {[%emt 00:00:34]} b6 {[%clk 01:08:15]} {[%emt
00:00:29]} 30. axb6 {[%clk 01:05:56]} {[%emt 00:00:22]} axb6 {[%clk 01:08:43]}
{[%emt 00:00:02]} 31. Ke3 {[%clk 01:05:45]} {[%emt 00:00:41]} Ne6 {[%clk
01:09:01]} {[%emt 00:00:13]} 1/2-1/2

[Event "DEM U18 2024"]
[Site "Willingen GER"]
[Date "2024.05.22"]
[Round "5"]
[White "Heinrich, John"]
[Black "Farokhi, Keyvan"]
[Result "1-0"]
[Termination "normal"]
[Board "3"]
[BlackTitle "FM"]
[WhiteElo "2277"]
[BlackElo "2299"]
[WhiteClock "00:06:04"]
[BlackClock "00:00:35"]
[PlyCount "79"]
[WhiteFideId "16259491"]
[BlackFideId "12998630"]
[EventCountry "GER"]
[EventRounds "9"]
[EventType "swiss"]
[EventDate "2024.05.18"]

1. e4 {[%clk 01:30:56]} {[%emt 00:00:03]} e5 {[%clk 01:30:41]} {[%emt
00:00:19]} 2. Nf3 {[%clk 01:30:55]} {[%emt 00:00:31]} Nc6 {[%clk 01:31:02]}
{[%emt 00:00:08]} 3. Bb5 {[%clk 01:31:20]} {[%emt 00:00:05]} a6 {[%clk
01:31:25]} {[%emt 00:00:07]} 4. Ba4 {[%clk 01:31:43]} {[%emt 00:00:09]} Nf6
{[%clk 01:31:44]} {[%emt 00:00:09]} 5. O-O {[%clk 01:31:25]} {[%emt 00:00:50]}
Nxe4 {[%clk 01:31:46]} {[%emt 00:00:27]} 6. d4 {[%clk 01:31:35]} {[%emt
00:00:21]} Be7 {[%clk 01:31:53]} {[%emt 00:00:22]} 7. Qe2 {[%clk 01:28:37]}
{[%emt 00:03:29]} b5 {[%clk 01:31:01]} {[%emt 00:01:20]} 8. Bb3 {[%clk
01:25:48]} {[%emt 00:03:20]} d5 {[%clk 01:31:20]} {[%emt 00:00:10]} 9. dxe5
{[%clk 01:25:52]} {[%emt 00:00:27]} Na5 {[%clk 01:31:26]} {[%emt 00:00:24]} 10.
Rd1 {[%clk 01:21:02]} {[%emt 00:05:20]} Be6 {[%clk 01:27:03]} {[%emt 00:04:52]}
11. Nbd2 {[%clk 01:19:23]} {[%emt 00:02:10]} Nc5 {[%clk 01:23:31]} {[%emt
00:04:01]} 12. c3 {[%clk 01:09:42]} {[%emt 00:10:12]} Ncxb3 {[%clk 01:21:38]}
{[%emt 00:02:23]} 13. Nxb3 {[%clk 01:08:18]} {[%emt 00:01:54]} c5 {[%clk
01:10:24]} {[%emt 00:11:44]} 14. Nxa5 {[%clk 01:06:05]} {[%emt 00:02:43]} Qxa5
{[%clk 01:10:52]} {[%emt 00:00:02]} 15. Bg5 {[%clk 01:06:06]} {[%emt 00:00:29]}
h6 {[%clk 00:58:04]} {[%emt 00:13:17]} 16. Bxe7 {[%clk 01:03:50]} {[%emt
00:02:47]} Kxe7 {[%clk 00:58:31]} {[%emt 00:00:02]} 17. Ne1 {[%clk 01:00:56]}
{[%emt 00:03:24]} Qb6 {[%clk 00:54:38]} {[%emt 00:04:24]} 18. Nd3 {[%clk
00:56:49]} {[%emt 00:04:37]} Rac8 {[%clk 00:52:50]} {[%emt 00:02:17]} 19. Qe3
{[%clk 00:49:22]} {[%emt 00:07:58]} Rhd8 {[%clk 00:47:54]} {[%emt 00:05:26]}
20. b4 {[%clk 00:44:08]} {[%emt 00:05:44]} d4 {[%clk 00:47:54]} {[%emt
00:00:29]} 21. cxd4 {[%clk 00:41:47]} {[%emt 00:02:53]} cxd4 {[%clk 00:48:13]}
{[%emt 00:00:11]} 22. Qg3 {[%clk 00:42:09]} {[%emt 00:00:06]} Kf8 {[%clk
00:48:37]} {[%emt 00:00:06]} 23. Nc5 {[%clk 00:42:08]} {[%emt 00:00:32]} a5
{[%clk 00:48:19]} {[%emt 00:00:48]} 24. a3 {[%clk 00:42:25]} {[%emt 00:00:13]}
Rxc5 {[%clk 00:48:18]} {[%emt 00:00:31]} 25. bxc5 {[%clk 00:42:49]} {[%emt
00:00:06]} Qxc5 {[%clk 00:48:40]} {[%emt 00:00:08]} 26. Qh4 {[%clk 00:39:10]}
{[%emt 00:04:09]} Rd7 {[%clk 00:45:49]} {[%emt 00:03:19]} 27. Qe4 {[%clk
00:38:29]} {[%emt 00:01:13]} a4 {[%clk 00:29:08]} {[%emt 00:17:11]} 28. Rac1
{[%clk 00:31:52]} {[%emt 00:07:06]} Bc4 {[%clk 00:29:10]} {[%emt 00:00:28]} 29.
Qh7 {[%clk 00:25:16]} {[%emt 00:07:06]} Qxa3 {[%clk 00:24:40]} {[%emt
00:05:01]} 30. Qh8+ {[%clk 00:25:19]} {[%emt 00:00:27]} Ke7 {[%clk 00:25:08]}
{[%emt 00:00:02]} 31. Qxg7 {[%clk 00:25:37]} {[%emt 00:00:11]} d3 {[%clk
00:25:13]} {[%emt 00:00:25]} 32. Ra1 {[%clk 00:21:19]} {[%emt 00:04:49]} Qc5
{[%clk 00:24:12]} {[%emt 00:01:30]} 33. Qxh6 {[%clk 00:20:53]} {[%emt
00:00:56]} Bb3 {[%clk 00:13:45]} {[%emt 00:10:58]} 34. Rac1 {[%clk 00:13:52]}
{[%emt 00:07:31]} Bc2 {[%clk 00:12:52]} {[%emt 00:01:22]} 35. h4 {[%clk
00:13:30]} {[%emt 00:00:53]} Rd4 {[%clk 00:07:19]} {[%emt 00:06:03]} 36. Qf6+
{[%clk 00:12:22]} {[%emt 00:01:38]} Kd7 {[%clk 00:07:10]} {[%emt 00:00:39]} 37.
h5 {[%clk 00:07:39]} {[%emt 00:05:13]} Qd5 {[%clk 00:00:43]} {[%emt 00:06:57]}
38. h6 {[%clk 00:05:55]} {[%emt 00:02:14]} Qe6 {[%clk 00:01:06]} {[%emt
00:00:07]} 39. h7 {[%clk 00:05:40]} {[%emt 00:00:45]} Qxf6 {[%clk 00:00:35]}
{[%emt 00:01:01]} 40. exf6 {[%clk 00:06:04]} {[%emt 00:00:06]} 1-0

[Event "DEM U18 2024"]
[Site "Willingen GER"]
[Date "2024.05.22"]
[Round "5"]
[White "Rempe, Jonas"]
[Black "Sidletskyi, Ivan"]
[Result "1/2-1/2"]
[Termination "normal"]
[Board "4"]
[BlackTitle "FM"]
[WhiteElo "2170"]
[BlackElo "2346"]
[WhiteClock "00:37:35"]
[BlackClock "00:28:47"]
[PlyCount "136"]
[WhiteFideId "16202406"]
[BlackFideId "14156024"]
[EventCountry "GER"]
[EventRounds "9"]
[EventType "swiss"]
[EventDate "2024.05.18"]

1. e4 {[%clk 01:30:51]} {[%emt 00:00:09]} e6 {[%clk 01:30:53]} {[%emt
00:00:08]} 2. d4 {[%clk 01:31:11]} {[%emt 00:00:10]} d5 {[%clk 01:31:16]}
{[%emt 00:00:07]} 3. Nc3 {[%clk 01:31:09]} {[%emt 00:00:31]} Nf6 {[%clk
01:31:28]} {[%emt 00:00:18]} 4. Bg5 {[%clk 01:31:18]} {[%emt 00:00:20]} dxe4
{[%clk 01:31:47]} {[%emt 00:00:12]} 5. Nxe4 {[%clk 01:31:39]} {[%emt 00:00:10]}
Nbd7 {[%clk 01:31:36]} {[%emt 00:00:41]} 6. Nf3 {[%clk 01:22:55]} {[%emt
00:09:14]} h6 {[%clk 01:30:30]} {[%emt 00:01:36]} 7. Nxf6+ {[%clk 01:21:32]}
{[%emt 00:01:53]} Nxf6 {[%clk 01:30:44]} {[%emt 00:00:15]} 8. Bh4 {[%clk
01:21:56]} {[%emt 00:00:06]} c5 {[%clk 01:24:44]} {[%emt 00:06:30]} 9. Bb5+
{[%clk 01:14:14]} {[%emt 00:08:12]} Bd7 {[%clk 01:23:25]} {[%emt 00:01:50]} 10.
Bxd7+ {[%clk 01:14:09]} {[%emt 00:00:35]} Qxd7 {[%clk 01:23:45]} {[%emt
00:00:10]} 11. dxc5 {[%clk 01:14:29]} {[%emt 00:00:09]} Qb5 {[%clk 01:17:21]}
{[%emt 00:06:54]} 12. Qe2 {[%clk 01:06:29]} {[%emt 00:08:31]} Qxc5 {[%clk
01:17:11]} {[%emt 00:00:40]} 13. Rd1 {[%clk 01:03:36]} {[%emt 00:03:23]} Rc8
{[%clk 01:13:58]} {[%emt 00:03:42]} 14. c3 {[%clk 00:59:30]} {[%emt 00:04:37]}
Be7 {[%clk 01:04:39]} {[%emt 00:09:49]} 15. Ne5 {[%clk 00:55:50]} {[%emt
00:04:10]} Bd6 {[%clk 00:59:51]} {[%emt 00:05:19]} 16. Bg3 {[%clk 00:49:55]}
{[%emt 00:06:24]} Rd8 {[%clk 00:44:53]} {[%emt 00:15:28]} 17. Nc4 {[%clk
00:25:48]} {[%emt 00:24:36]} Bxg3 {[%clk 00:44:28]} {[%emt 00:00:54]} 18. Rxd8+
{[%clk 00:26:08]} {[%emt 00:00:11]} Kxd8 {[%clk 00:44:57]} {[%emt 00:00:02]}
19. hxg3 {[%clk 00:26:35]} {[%emt 00:00:02]} Ke7 {[%clk 00:44:20]} {[%emt
00:01:07]} 20. O-O {[%clk 00:25:42]} {[%emt 00:01:23]} Rd8 {[%clk 00:44:23]}
{[%emt 00:00:28]} 21. Ne3 {[%clk 00:24:34]} {[%emt 00:01:29]} Ne4 {[%clk
00:43:23]} {[%emt 00:01:38]} 22. Rd1 {[%clk 00:23:58]} {[%emt 00:01:06]} Rxd1+
{[%clk 00:36:08]} {[%emt 00:07:45]} 23. Qxd1 {[%clk 00:23:18]} {[%emt
00:01:10]} f5 {[%clk 00:35:16]} {[%emt 00:01:22]} 24. Qe2 {[%clk 00:17:29]}
{[%emt 00:06:19]} b5 {[%clk 00:33:54]} {[%emt 00:01:53]} 25. g4 {[%clk
00:15:54]} {[%emt 00:02:04]} g6 {[%clk 00:16:26]} {[%emt 00:17:58]} 26. gxf5
{[%clk 00:13:24]} {[%emt 00:03:01]} gxf5 {[%clk 00:16:29]} {[%emt 00:00:26]}
27. Nc2 {[%clk 00:11:10]} {[%emt 00:02:44]} a5 {[%clk 00:14:20]} {[%emt
00:02:39]} 28. Nd4 {[%clk 00:09:23]} {[%emt 00:02:16]} b4 {[%clk 00:14:03]}
{[%emt 00:00:48]} 29. Qa6 {[%clk 00:09:39]} {[%emt 00:00:15]} Qd5 {[%clk
00:09:05]} {[%emt 00:05:27]} 30. Qxa5 {[%clk 00:08:47]} {[%emt 00:01:16]} Qxa5
{[%clk 00:08:37]} {[%emt 00:01:04]} 31. Nc6+ {[%clk 00:09:15]} {[%emt
00:00:01]} Kd6 {[%clk 00:06:42]} {[%emt 00:02:26]} 32. Nxa5 {[%clk 00:09:44]}
{[%emt 00:00:02]} bxc3 {[%clk 00:07:05]} {[%emt 00:00:07]} 33. bxc3 {[%clk
00:10:11]} {[%emt 00:00:02]} Nxc3 {[%clk 00:07:30]} {[%emt 00:00:05]} 34. g3
{[%clk 00:07:00]} {[%emt 00:03:41]} Nxa2 {[%clk 00:06:57]} {[%emt 00:01:03]}
35. f4 {[%clk 00:07:27]} {[%emt 00:00:03]} Kd5 {[%clk 00:06:40]} {[%emt
00:00:48]} 36. Kg2 {[%clk 00:07:20]} {[%emt 00:00:36]} Nb4 {[%clk 00:05:25]}
{[%emt 00:01:45]} 37. Kf3 {[%clk 00:04:56]} {[%emt 00:02:54]} Nc2 {[%clk
00:02:38]} {[%emt 00:03:17]} 38. Nb7 {[%clk 00:03:29]} {[%emt 00:01:56]} Nd4+
{[%clk 00:02:05]} {[%emt 00:01:04]} 39. Ke3 {[%clk 00:03:59]} Nc6 {[%clk
00:02:28]} {[%emt 00:00:08]} 40. Kd3 {[%clk 00:04:28]} h5 {[%clk 00:00:51]}
{[%emt 00:02:07]} 41. Ke3 {[%clk 00:04:58]} Ne7 {[%clk 00:30:04]} {[%emt
00:01:17]} 42. Nd8 {[%clk 00:34:50]} {[%emt 00:00:38]} Ng6 {[%clk 00:25:30]}
{[%emt 00:05:04]} 43. Nf7 {[%clk 00:35:18]} {[%emt 00:00:02]} h4 {[%clk
00:24:05]} {[%emt 00:01:55]} 44. gxh4 {[%clk 00:35:46]} {[%emt 00:00:02]} Nxh4
{[%clk 00:24:30]} {[%emt 00:00:04]} 45. Ng5 {[%clk 00:36:06]} {[%emt 00:00:10]}
Ng2+ {[%clk 00:24:22]} {[%emt 00:00:38]} 46. Kf3 {[%clk 00:36:35]} {[%emt
00:00:02]} Ne1+ {[%clk 00:24:46]} {[%emt 00:00:06]} 47. Ke2 {[%clk 00:36:15]}
{[%emt 00:00:50]} Nc2 {[%clk 00:25:04]} {[%emt 00:00:11]} 48. Kd3 {[%clk
00:36:28]} {[%emt 00:00:17]} Nd4 {[%clk 00:25:11]} {[%emt 00:00:24]} 49. Nh7
{[%clk 00:36:04]} {[%emt 00:00:54]} Nc6 {[%clk 00:25:12]} {[%emt 00:00:30]} 50.
Ng5 {[%clk 00:35:53]} {[%emt 00:00:40]} Nb4+ {[%clk 00:24:31]} {[%emt
00:01:11]} 51. Kc3 {[%clk 00:35:48]} {[%emt 00:00:34]} Na6 {[%clk 00:24:57]}
{[%emt 00:00:05]} 52. Kd3 {[%clk 00:35:55]} {[%emt 00:00:23]} Nc5+ {[%clk
00:25:26]} 53. Ke3 {[%clk 00:35:05]} {[%emt 00:01:20]} Kc4 {[%clk 00:25:54]}
{[%emt 00:00:02]} 54. Nf7 {[%clk 00:34:50]} {[%emt 00:00:45]} Nb3 {[%clk
00:26:15]} {[%emt 00:00:09]} 55. Ng5 {[%clk 00:34:14]} {[%emt 00:01:05]} Nd4
{[%clk 00:24:52]} {[%emt 00:01:54]} 56. Nf7 {[%clk 00:34:04]} {[%emt 00:00:40]}
Kc3 {[%clk 00:24:41]} {[%emt 00:00:41]} 57. Ng5 {[%clk 00:34:03]} {[%emt
00:00:30]} Nc2 {[%clk 00:24:46]} {[%emt 00:00:26]} 58. Ke2 {[%clk 00:34:19]}
{[%emt 00:00:13]} Kc4 {[%clk 00:24:55]} {[%emt 00:00:22]} 59. Nxe6 {[%clk
00:34:02]} {[%emt 00:00:47]} Nd4+ {[%clk 00:25:13]} {[%emt 00:00:11]} 60. Nxd4
{[%clk 00:34:30]} {[%emt 00:00:02]} Kxd4 {[%clk 00:25:30]} {[%emt 00:00:13]}
61. Kd2 {[%clk 00:34:55]} {[%emt 00:00:06]} Ke4 {[%clk 00:25:52]} {[%emt
00:00:08]} 62. Ke2 {[%clk 00:35:03]} {[%emt 00:00:23]} Kxf4 {[%clk 00:26:03]}
{[%emt 00:00:19]} 63. Kf2 {[%clk 00:35:29]} {[%emt 00:00:03]} Ke4 {[%clk
00:26:29]} {[%emt 00:00:04]} 64. Ke2 {[%clk 00:35:56]} {[%emt 00:00:03]} f4
{[%clk 00:26:57]} {[%emt 00:00:02]} 65. Kf2 {[%clk 00:36:23]} {[%emt 00:00:03]}
f3 {[%clk 00:27:24]} {[%emt 00:00:03]} 66. Kf1 {[%clk 00:36:42]} {[%emt
00:00:11]} Ke3 {[%clk 00:27:52]} {[%emt 00:00:02]} 67. Ke1 {[%clk 00:37:08]}
{[%emt 00:00:04]} f2+ {[%clk 00:28:19]} {[%emt 00:00:02]} 68. Kf1 {[%clk
00:37:35]} {[%emt 00:00:03]} Kf3 {[%clk 00:28:47]} {[%emt 00:00:02]} 1/2-1/2

[Event "DEM U18 2024"]
[Site "Willingen GER"]
[Date "2024.05.22"]
[Round "5"]
[White "Duong, Quang Bach"]
[Black "Vortmeier, Jan"]
[Result "0-1"]
[Termination "normal"]
[Board "5"]
[WhiteElo "2168"]
[BlackElo "2082"]
[WhiteClock "00:18:08"]
[BlackClock "00:13:36"]
[PlyCount "76"]
[WhiteFideId "16287045"]
[BlackFideId "16261321"]
[EventCountry "GER"]
[EventRounds "9"]
[EventType "swiss"]
[EventDate "2024.05.18"]

1. e4 {[%clk 01:30:52]} {[%emt 00:00:07]} e5 {[%clk 01:30:54]} {[%emt
00:00:06]} 2. Nf3 {[%clk 01:31:12]} {[%emt 00:00:10]} Nc6 {[%clk 01:31:19]}
{[%emt 00:00:06]} 3. Bb5 {[%clk 01:31:39]} {[%emt 00:00:03]} a6 {[%clk
01:31:44]} {[%emt 00:00:05]} 4. Ba4 {[%clk 01:32:06]} {[%emt 00:00:02]} Nf6
{[%clk 01:32:09]} {[%emt 00:00:05]} 5. d3 {[%clk 01:32:16]} {[%emt 00:00:21]}
d6 {[%clk 01:32:32]} {[%emt 00:00:06]} 6. c3 {[%clk 01:32:41]} {[%emt
00:00:05]} g6 {[%clk 01:32:43]} {[%emt 00:00:19]} 7. O-O {[%clk 01:33:02]}
{[%emt 00:00:09]} Bg7 {[%clk 01:33:01]} {[%emt 00:00:12]} 8. Re1 {[%clk
01:33:19]} {[%emt 00:00:13]} O-O {[%clk 01:33:03]} {[%emt 00:00:28]} 9. Nbd2
{[%clk 01:33:44]} {[%emt 00:00:05]} Bd7 {[%clk 01:28:07]} {[%emt 00:05:27]} 10.
Bc2 {[%clk 01:30:44]} {[%emt 00:03:29]} Kh8 {[%clk 01:20:12]} {[%emt 00:08:25]}
11. h3 {[%clk 01:28:10]} {[%emt 00:03:04]} Nh5 {[%clk 01:15:20]} {[%emt
00:05:21]} 12. Nc4 {[%clk 01:24:23]} {[%emt 00:04:18]} Qe8 {[%clk 01:08:37]}
{[%emt 00:07:14]} 13. d4 {[%clk 01:22:21]} {[%emt 00:02:31]} b5 {[%clk
00:59:14]} {[%emt 00:09:53]} 14. Ne3 {[%clk 01:22:22]} {[%emt 00:00:29]} f5
{[%clk 00:53:16]} {[%emt 00:06:29]} 15. exf5 {[%clk 01:12:20]} {[%emt
00:10:32]} gxf5 {[%clk 00:49:51]} {[%emt 00:03:54]} 16. a4 {[%clk 00:57:40]}
{[%emt 00:15:10]} e4 {[%clk 00:36:58]} {[%emt 00:13:23]} 17. Nd5 {[%clk
00:54:31]} {[%emt 00:03:39]} Rc8 {[%clk 00:36:11]} {[%emt 00:01:17]} 18. Nh2
{[%clk 00:52:26]} {[%emt 00:02:34]} Nf6 {[%clk 00:33:45]} {[%emt 00:02:57]} 19.
Nf4 {[%clk 00:51:34]} {[%emt 00:01:23]} Ne7 {[%clk 00:32:11]} {[%emt 00:02:03]}
20. Nf1 {[%clk 00:48:51]} {[%emt 00:03:14]} Ned5 {[%clk 00:29:41]} {[%emt
00:02:59]} 21. Ng3 {[%clk 00:47:20]} {[%emt 00:02:00]} Nxf4 {[%clk 00:29:32]}
{[%emt 00:00:40]} 22. Bxf4 {[%clk 00:47:44]} {[%emt 00:00:06]} Nd5 {[%clk
00:27:43]} {[%emt 00:02:19]} 23. Bd2 {[%clk 00:46:48]} {[%emt 00:01:26]} Qg6
{[%clk 00:24:03]} {[%emt 00:04:10]} 24. axb5 {[%clk 00:44:04]} {[%emt
00:03:15]} axb5 {[%clk 00:23:53]} {[%emt 00:00:39]} 25. Qh5 {[%clk 00:40:44]}
{[%emt 00:03:50]} c5 {[%clk 00:16:45]} {[%emt 00:07:38]} 26. dxc5 {[%clk
00:38:00]} {[%emt 00:03:14]} dxc5 {[%clk 00:17:09]} {[%emt 00:00:06]} 27. Ra7
{[%clk 00:34:35]} {[%emt 00:03:56]} Nf6 {[%clk 00:17:19]} {[%emt 00:00:19]} 28.
Qxg6 {[%clk 00:33:39]} {[%emt 00:01:26]} hxg6 {[%clk 00:17:44]} {[%emt
00:00:05]} 29. Bg5 {[%clk 00:33:39]} {[%emt 00:00:29]} Bc6 {[%clk 00:17:40]}
{[%emt 00:00:35]} 30. Ne2 {[%clk 00:32:58]} {[%emt 00:01:10]} Nd5 {[%clk
00:16:59]} {[%emt 00:01:11]} 31. Rd1 {[%clk 00:32:04]} {[%emt 00:01:25]} Ra8
{[%clk 00:15:39]} {[%emt 00:01:50]} 32. Rxa8 {[%clk 00:25:55]} {[%emt
00:06:40]} Rxa8 {[%clk 00:16:03]} {[%emt 00:00:05]} 33. Nf4 {[%clk 00:26:01]}
{[%emt 00:00:23]} Nxf4 {[%clk 00:16:14]} {[%emt 00:00:19]} 34. Bxf4 {[%clk
00:26:29]} {[%emt 00:00:03]} b4 {[%clk 00:12:33]} {[%emt 00:04:10]} 35. cxb4
{[%clk 00:23:44]} {[%emt 00:03:16]} cxb4 {[%clk 00:12:57]} {[%emt 00:00:06]}
36. Rd6 {[%clk 00:22:39]} {[%emt 00:01:35]} Be8 {[%clk 00:13:16]} {[%emt
00:00:11]} 37. b3 {[%clk 00:20:41]} {[%emt 00:02:28]} Bf7 {[%clk 00:13:26]}
{[%emt 00:00:20]} 38. Bd2 {[%clk 00:18:08]} {[%emt 00:03:02]} Ra1+ {[%clk
00:13:36]} {[%emt 00:00:21]} 0-1